00549nam a2200121Ia 4500041001200000082001200012100005300024245019300077260006600270300000900336650007000345650001200415 aEnglish aRP.0322 aPatil, Laxman HanmantraouShivaji College, Udgir 4aThe social and economical changes in the life of below poverty level families due to golden jubilee rural self- employment policy in Maharashtra :bA case study / cLaxman Hanmantrao Patil aNew Delhi :bIndian Council of Social Science Research,c2015 a107p aEmployment policiesvSelf Employment PoliciesxIndiazMaharashtra aPoverty